00386nam a2200145Ia 4500003000400000005001700004008004100021040001800062041000800080100003900088110001600127245004900143260002000192710002800212OSt20260316122829.0211028s2015 xx 000 0 und d cAIMIT LIBRARY aeng aShetty, Varun;Thomas, C G.g121754 aHemalatha N aEmployee service management in energy Sync / aMangalorec2015 aITC Info Tech India Ltd